00661 2200253 4500001002100000005001700021008004100038035002400079082001000103090001700113100001700130245006800147250001100215260004100226300002500267650002300292850001500315980001300330985000600343986001300349999001500362999001500377999001500392YOGYA-0209000001603720090227022607.0 ind  0010-020900000016037 a387.5 a387.5bRam P aRAMBE, Hanna aPetualangan Effendy Soleman dengan Cadik NusantaracHanna Rambe aCet. 1 aJakartabPustaka Sinar Harapanc1992 a127 hlmbilusc21 cm aPelayaran Samudera aYOPDYOG(B) a01-10-05 a3 aPKLrtrev a00B0001397 a00B0001398 a00B0001399